Punjabi grammar / (Record no. 3061)

000 -LEADER
fixed length control field 00953cam a2200289 i 4500
001 - CONTROL NUMBER
control field 18799422
003 - CONTROL NUMBER IDENTIFIER
control field OSt
005 - DATE AND TIME OF LATEST TRANSACTION
control field 20170105101207.0
008 - FIXED-LENGTH DATA ELEMENTS--GENERAL INFORMATION
fixed length control field 150930s2015 pk b 000 0 eng
010 ## - LIBRARY OF CONGRESS CONTROL NUMBER
LC control number 2015328109
020 ## - INTERNATIONAL STANDARD BOOK NUMBER
International Standard Book Number 9789698611170
025 ## - OVERSEAS ACQUISITION NUMBER
Overseas acquisition number P-E-2015328109; 12
037 ## - SOURCE OF ACQUISITION
Source of stock number/acquisition Library of Congress -- Islamabad Overseas Office
040 ## - CATALOGING SOURCE
Original cataloging agency DLC
Language of cataloging eng
Transcribing agency DLC
Description conventions rda
042 ## - AUTHENTICATION CODE
Authentication code lcode
-- pcc
050 00 - LIBRARY OF CONGRESS CALL NUMBER
Classification number PK2634
Item number .S517 2015
100 1# - MAIN ENTRY--PERSONAL NAME
Personal name Shāh, Ṣafdar ʻAlī,
Dates associated with a name 1948-
Relator term author.
245 10 - TITLE STATEMENT
Title Punjabi grammar /
Statement of responsibility, etc. Dr. Safdar Ali Shah.
260 ## - PUBLICATION, DISTRIBUTION, ETC.
Place of publication, distribution, etc. Islamabad
Name of publisher, distributor, etc. NUST publishing
Date of publication, distribution, etc. 2015
300 ## - PHYSICAL DESCRIPTION
Extent xx, 167 pages ;
Dimensions 22 cm
504 ## - BIBLIOGRAPHY, ETC. NOTE
Bibliography, etc. note Includes bibliographical references (pages 159-167).
650 #0 - SUBJECT ADDED ENTRY--TOPICAL TERM
Topical term or geographic name entry element Panjabi language
General subdivision Grammar.
710 2# - ADDED ENTRY--CORPORATE NAME
Corporate name or jurisdiction name as entry element National University of Sciences and Technology (Islāmābād, Pakistan)
906 ## - LOCAL DATA ELEMENT F, LDF (RLIN)
a 7
b cbc
c origode
d 3
e ncip
f 20
g y-gencatlg
942 ## - ADDED ENTRY ELEMENTS (KOHA)
Source of classification or shelving scheme
Koha item type Book
Holdings
Withdrawn status Lost status Source of classification or shelving scheme Damaged status Not for loan Collection code Permanent Location Current Location Shelving location Date acquired Total Checkouts Full call number Barcode Date last seen Price effective from Koha item type
            Central Library (CL) Central Library (CL) General Stacks 05/04/2016   491.425 SHA S3H-D-90 05/04/2016 05/04/2016 Book
            Central Library (CL) Central Library (CL) General Stacks 05/04/2016   491.425 SHA S3H-D-89 05/04/2016 05/04/2016 Book
© 2023 Central Library, National University of Sciences and Technology. All Rights Reserved.